00205nam a22000857a 4500082002100000100001700021245003500038260003700073300000900110 aTNC A6x5444 B152 aBhalla, G.S. aNehru and the Indian peasantry aNew DelhibNehru Memorial Museum a45p.